02080nam a2200397 c 450000100060000000300100000600500170001600700030003300800410003602000180007704000350009504100130013008400060014310000220014924500970017125000170026826400410028530000520032633600290037833700330040733800280044049000350046849000840050350500810058752005990066852100480126765000430131565000570135865000420141565000780145765000180153565000220155370000220157570000260159783000590162358435CO-BoRNBP20250822160425.0ta121119s2008 sp a|||jr6 000 f spa d a9788496815025 aCO-BoRNBPbspaerdacCO-BoRNBP1 aspaheng aH aKafka, franzeaut13aLa metamorfosis /cFranz Kafka ; adaptado por Peter Kuper ; traducción de Gonzalo Quesada. a2a edición 1aBilbao, España :bAstiberri,c2008 a79 páginas :bilustraciones en blanco y negro atextobtxt2rdacontenido asin mediaciónbn2rdamedio avolumenbnc2rdasoporte0 aClásicos UniversalesvVol. 30 aColección de Fortalecimiento del Ministerio de Cultura - Fortalecimiento 20110 aLa metamorfosis -- Ante la ley -- Un informe para una academia -- La condena aCuando Gregorio Samsa se despertó una mañana después de un sueño intranquilo, se encontró sobre su cama convertido en un monstruoso insecto. Estaba tumbado sobre su espalda dura, y en forma de caparazón, y al levantar un poco la cabeza veía un vientre abombado, parduzco, dividido por partes duras en forma de arco, sobre cuya protuberancia apenas podía mantenerse el cobertor, a punto ya de resbalar al suelo. Sus muchas patas, ridículamente pequeñas en comparación con el resto de su tamaño, le vibraban desamparadas ante los ojos. Un cómic profundamente literario.. aRecomendado para personas de 16 a 18 años07aExistencialismo en la literatura2lemb04aLiteratura juvenil checoslovacaySiglos XIX-XX2LEMB07aMente y cuerpo en la literatura2lemb04aNovela juvenil checoslovacaySiglos XIX-XXxAdaptaciones literarias2LEMB07aSoledad2lemb07aSurrealismo2LEMB aKuper, Petereadp aQuesada, Gonzaloetrl 0aPlan Nacional de Lectura y Escritura Leer es mi Cuento